| 000 | 00540nam a22001577a 4500 | ||
|---|---|---|---|
| 999 |
_c534226 _d534226 |
||
| 020 | _qHard Cover. | ||
| 082 | _a620.11 | ||
| 100 | _aAltaf, Jaffar | ||
| 245 |
_aInfluence of Various Physio-chemical Parameters on the Adsorption of Cu2+ Ions using Activated Charcoal / _cJaffar Altaf. |
||
| 260 |
_aIslamabad : _bSCME - NUST, _c2014. |
||
| 300 | _c30cm. | ||
| 942 |
_2ddc _cTHE |
||
| 650 |
_aEnergetic Materials Engineering MS-Thesis. _928358 |
||
| 700 |
_aDr. Arshad Hussain. _916435 |
||